000
00265nam a2200097Ia 4500
082
_a
J 629.46 GROS
245
0
_a
All about satellites
100
_a
Gross, Miriam J. New York, 2009 1st ed
_9
94654
942
_c
BK
008
210817s9999 xx 000 0 und d
999
_c
387891
_d
387890